The shorter Cambridge medieval history, Vol-2: (Record no. 18500)

MARC details
000 -LEADER
fixed length control field 01087cam a22002651 4500
001 - CONTROL NUMBER
control field 4528753
003 - CONTROL NUMBER IDENTIFIER
control field BDDh-ASL
005 - DATE AND TIME OF LATEST TRANSACTION
control field 20231015025718.0
008 - FIXED-LENGTH DATA ELEMENTS--GENERAL INFORMATION
fixed length control field 790713s1955 enkab 000 0 eng
010 ## - LIBRARY OF CONGRESS CONTROL NUMBER
LC control number 52012272
040 ## - CATALOGING SOURCE
Original cataloging agency DLC
Transcribing agency DLC
Modifying agency BDDh-ASL
-- DLC
050 00 - LIBRARY OF CONGRESS CALL NUMBER
Classification number D117
Item number .P75
082 00 - DEWEY DECIMAL CLASSIFICATION NUMBER
Classification number 940
Item number PRS
100 1# - MAIN ENTRY--PERSONAL NAME
Personal name Previté-Orton, C. W.
Fuller form of name (Charles William),
Dates associated with a name 1877-1947.
245 14 - TITLE STATEMENT
Title The shorter Cambridge medieval history, Vol-2:
Remainder of title the twelfth century to the renaissance/
Statement of responsibility, etc. by the late C. W. Previte-Orton
260 ## - PUBLICATION, DISTRIBUTION, ETC.
Place of publication, distribution, etc. Cambridge [Eng.]:
Name of publisher, distributor, etc. University Press,
Date of publication, distribution, etc. 1955.
300 ## - PHYSICAL DESCRIPTION
Extent v-2, 645-1201 p. :
Other physical details illus., maps.
Dimensions 22 cm.
500 ## - GENERAL NOTE
General note "The author's concise version of the Cambridge medieval history, of which he had been one of the editors."
505 0# - FORMATTED CONTENTS NOTE
Formatted contents note v. 1. The later Roman Empire to the twelfth century.--v. 2. The twelfth century to the Renaissance.
650 #0 - SUBJECT ADDED ENTRY--TOPICAL TERM
Topical term or geographic name entry element Middle Ages.
730 0# - ADDED ENTRY--UNIFORM TITLE
Uniform title Cambridge medieval history.
906 ## - LOCAL DATA ELEMENT F, LDF (RLIN)
a 7
b cbc
c orignew
d u
e ocip
f 19
g y-gencatlg
942 ## - ADDED ENTRY ELEMENTS (KOHA)
Source of classification or shelving scheme Dewey Decimal Classification
Koha item type Books
Holdings
Withdrawn status Lost status Source of classification or shelving scheme Damaged status Not for loan Collection code Home library Current library Shelving location Date acquired Source of acquisition Serial Enumeration / chronology Total Checkouts Full call number Barcode Date last seen Copy number Price effective from Koha item type Public note
    Dewey Decimal Classification   Not For Loan Non-fiction Asiatic Society Library Asiatic Society Library Harrison Collection 10/12/2020 Donated by Prof. John B. Harrison V-2   940 PRS 101692 10/12/2020 C-1 10/12/2020 Books RARE

Powered by Koha